Statistics for Every Elder Dragon - Monster Hunter

Click here to take the quiz!

General Stats

  • This quiz has been taken 4 times
  • The average score is 5 of 82

Answer Stats

Monster% Correct
Chameleos
67%
Lunastra
67%
Teostra
67%
Ashen Lao-Shan Lung
33%
Dalamadur
33%
Fatalis
33%
Gogmazios
33%
Kushala Daora
33%
Lao-Shan Lung
33%
Shagaru Magala
33%
Shah Dalamadur
33%
Valstrax
33%
Yama Tsukami
33%
Alatreon
0%
Amatsu
0%
Arrogant Duremudira
0%
Behemoth
0%
Blackveil Vaal Hazak
0%
Burning Freezing Eruzerion
0%
Ceadeus
0%
Crimson Fatalis
0%
Crimson Glow Valstrax
0%
Dah'ren Mohran
0%
Dire Miralis
0%
Disufiroa
0%
Duremudira
0%
Elemental Merphistophelin
0%
Eo Garudia
0%
Eruzerion
0%
Gaismagorm
0%
Garuba Daora
0%
Goldbeard Ceadeus
0%
Guanzorumu
0%
Hallowed Jhen Mohran
0%
Harudomerugu
0%
Ibushi
0%
Inagami
0%
Infernal Tartaronis
0%
Jhen Mohran
0%
Keoaruboru
0%
Kirin
0%
Kulve Taroth
0%
Makili Pietru
0%
Malzeno
0%
Merphistophelin
0%
Morudomunto
0%
Myo Galuna
0%
Nakarkos
0%
Namielle
0%
Narwa
0%
Narwa the Allmother
0%
Nef-Garmat
0%
Nergigante
0%
Olutra
0%
Oroshi Kirin
0%
Primoridal Malzeno
0%
Rebidiora
0%
Risen Chameleos
0%
Risen Crimson Glow Valstrax
0%
Risen Kushala Daora
0%
Risen Shagaru Magala
0%
Risen Teostra
0%
Ruiner Nergigante
0%
Rukodiora
0%
Ruler Guanzorumu
0%
Rusted Kushala Daora
0%
Safi'jiiva
0%
Shantien
0%
Shara Ishvalda
0%
Tartaronis
0%
Thunder Emperor Kirin
0%
Toa Tesukatora
0%
Vaal Hazak
0%
Velkhana
0%
Versa Pietru
0%
White Fatalis
0%
Xeno'jiiva
0%
Yama Kurai
0%
Zenith Harudomerugu
0%
Zenith Inagami
0%
Zenith Rukodiora
0%
Zorah Magdaros
0%

Score Distribution

Percentile by Number Answered

Percent of People with Each Score

Your Score History

You have not taken this quiz